Đọc mã vạch trên thẻ bằng điện thoại Android và ứng dụng điểm danh : Báo cáo tổng kết đề tài nghiên cứu khoa học của sinh viên

Xây dựng phần mềm đọc mã vạch trên thiết bị di động Android, cho phép điểm danh theo sự kiện bằng cách quét mã vạch trên thẻ nhằm phục vụ công tác điểm danh của đoàn khoa, đồng thời ứng dụng còn hỗ trợ tự động xử lý và xuất kết quả th...

Descrición completa

Gardado en:
Detalles Bibliográficos
Autor Principal: Hồ, Thành Lộc
Formato: Libro
Idioma:Undetermined
Publicado: Cần Thơ Trường Đại học Cần Thơ 2018
Những chủ đề:
Các nhãn: Engadir etiqueta
Sen Etiquetas, Sexa o primeiro en etiquetar este rexistro!
Thư viện lưu trữ: Trung tâm Học liệu Trường Đại học Cần Thơ
LEADER 01298nam a2200229Ia 4500
001 CTU_229104
008 210402s9999 xx 000 0 und d
082 |a 005.1 
082 |b L451 
088 |a TSV2018-32 
100 |a Hồ, Thành Lộc 
245 0 |a Đọc mã vạch trên thẻ bằng điện thoại Android và ứng dụng điểm danh : 
245 0 |b Báo cáo tổng kết đề tài nghiên cứu khoa học của sinh viên 
245 0 |c Hồ Thành Lộc (Chủ nhiệm đề tài) ; Nguyễn Minh Khiêm (Người hướng dẫn) 
260 |a Cần Thơ 
260 |b Trường Đại học Cần Thơ 
260 |c 2018 
520 |a Xây dựng phần mềm đọc mã vạch trên thiết bị di động Android, cho phép điểm danh theo sự kiện bằng cách quét mã vạch trên thẻ nhằm phục vụ công tác điểm danh của đoàn khoa, đồng thời ứng dụng còn hỗ trợ tự động xử lý và xuất kết quả thống kê 
650 |a Application software,Kỹ thuật truyền thông 
650 |x Development,Phát triển 
910 |b nthai 
980 |a Trung tâm Học liệu Trường Đại học Cần Thơ